000 00488nam a2200193Ia 4500
003 GCL
008 140319s9999 xx 000 0 ara d
040 _aGCL /
_cGCL
082 0 4 _a210
_bس ر
100 1 _aسنية قراعة
245 1 0 _aالرسالات الكبرى /
_cسنية قراعة
300 _a801 ص
490 _a
650 0 4 _aالاسلام
650 0 4 _aالوحدانية
650 0 4 _aالتوحيد
650 0 4 _aالدين المقارن
942 _2ddc
_cBK
999 _c45498
_d45498